| 000 | 00986nam0a22002651 4500 | ||
|---|---|---|---|
| 001 | rc\4307042 | ||
| 005 | 20130416125857.9 | ||
| 021 |
_aRU _b68-17458 |
||
| 021 |
_aRU _bРг 2558-68 |
||
| 035 | _a(NLR Aleph) 008258908 | ||
| 090 |
_a8384085 _c8384085 |
||
| 100 | _a20130416d1968 |||y0rusy50 ca | ||
| 101 | 0 | _arus | |
| 102 | _aRU | ||
| 105 | _aa z ||||| | ||
| 200 | 1 |
_aО неприменимости соотношения E=mc² к электромагнитному излучению в веществе _fАН СССР. Ордена Ленина физ. ин-т им. П.Н. Лебедева. Лаборатория колебаний |
|
| 210 |
_aМосква _cБ. и. _d1968 |
||
| 215 |
_a11 с., 1 л. ил. _cил. _d21 |
||
| 300 | _aОтпеч. множит. аппаратом | ||
| 700 | 1 |
_aВеселаго _bВ. Г. _gВиктор Георгиевич |
|
| 801 | 0 |
_aRU _bNLR _gpsbo |
|
| 801 | 1 |
_aRU _bELAR _2rusmarc |
|
| 852 |
_aNLR _j68-6/3824 |
||
| 942 | _cBOOK | ||
| 980 | _aNB | ||